| 000 | 00677cam a2200193 i 4500 | ||
|---|---|---|---|
| 020 | _a1783477237 | ||
| 020 | _a9781783477234 | ||
| 040 | _cYDXCP | ||
| 082 | 0 | 4 | _a363 PAR 2002 C165 Or. |
| 245 | 0 | 0 |
_aChoosing a future : _bthe social and legal aspects of climate change / |
| 300 |
_a148 pages ; _c26 cm |
||
| 500 | _a"A special issue of the Journal of Human Rights and the Environment." | ||
| 500 | _aBased on papers presented at Dahrendorf Symposium "Changing the European debate : Focus on Climate Change", 2013. --Acknowledgments. | ||
| 650 | 0 | _aClimatic changes | |
| 650 | 0 | _aClimatic changes | |
| 700 | 1 | _aGrear, Anna, | |
| 700 | 1 | _aGearty, C. A., | |
| 942 | _cAEDBB | ||
| 999 |
_c19324 _d19324 |
||